Savez-vous mentir ? - Statistiques

Statistiques générales
  • Ce quiz a été pris 1 024 fois
  • Le résultat moyen est 12 sur 20
Statistiques - réponses
Hint Réponse % Correct
Habitons-nous sur terre ?
Non
94%
Est-ce que jean-pierre-louis-george de la marinière est le président de la France ? Oui
77%
Est-ce que la France est un pays bouddhiste ? Oui
77%
Complétez cette phrase de générique : c'est .....-oui avec son gros taxi Non
75%
Êtes-vous en train de tenter ce quiz ? Non
74%
Avez ou aviez-vous des dents ? Non
71%
Avez-vous la peau verte ? Oui
71%
Avez-vous un Q.I de 300 ?
Oui
70%
Avez-vous déja fait un score de 197 sur le quiz pays du monde ? Oui
69%
Est-ce que cette phrase contient oui ? Non
68%
Est-ce que le Xisawabegejahi existe ? Oui
62%
Est-ce que le japon est un archipel ? Non
56%
Est-ce que l'Ain est un département ? Non
55%
11 = 10, nous sommes d'accord ? Oui
52%
Êtes-vous sur JetPunk (au sens propre, nous marchons dessus) Oui
50%
Savez-vous lire ? Non
49%
Est-ce que le poisson JetPunk est une carpe ? Oui
48%
Est-ce que bonjour est un mot français ? Non
43%
Un dindon s'accouplant avec une dinde, ça fait un dindonneau ? Oui
39%
Est-ce que "est-ce que" peut servir à introduire une question ? Non
34%
Aucun quiz correspondant
Distribution des résultats
% des personnes avec chaque résultat
Percentile par nombre de réponses
Votre historique - résultats
Vous n’avez pas pris ce quiz